000 00457nab a2200145Ia 4500
003 ES-SlBCS
005 20210601132848.0
008 140529s1958 xxu||||| |||| 00| 0 ita d
041 _aita
100 1 _aGiannini, Giorgio
_962848
245 0 0 _aMetafisica ed esperienza religiosa
_c Giorgio Giannini
650 0 4 _aMetafísica-Experiencia Religiosa
_9199616
773 0 _tGiornali di Metafisica
_gvol. 13, nº. 4, 1958, págs. 451-470
_w0017-0372
942 _cAR
999 _c586831
_d586831